The systemic transformation of small and medium enterprises (SMEs) in the era of digitalization Challenges and strategic pathways in emerging industrial regions of China

Bibliographic Details
Main Authors: Wu Chaoqi
Tóth Arnold
Format: Article
Published: Budapesti Gazdaságtudományi Egyetem 2025
Series:Prosperitas 12 No. 4
Subjects:
doi:10.31570/prosp_2025_0142

Kulcsszavak:Digital transformation
SMEs
management support
employee skill development
technology adoption
TOE framework
organizational learning theory
Online Access:http://publikaciotar.uni-bge.hu/2586

MARC

LEADER 00000nab a2200000 i 4500
001 publ2586
005 20260108124935.0
008 260108s2025 hu o 000 zxx d
022 |a 2786-4359 (Online) 
024 |a 10.31570/prosp_2025_0142  |2 doi 
040 |a BGE Publikációtár Repozitórium  |b hun 
100 1 |a Wu Chaoqi 
245 1 4 |a The systemic transformation of small and medium enterprises (SMEs) in the era of digitalization  |b Challenges and strategic pathways in emerging industrial regions of China  |c Wu Chaoqi  |h [elektronikus dokumentum] 
260 |a Budapesti Gazdaságtudományi Egyetem  |c 2025 
300 |a 1-16 
490 0 |a Prosperitas  |v 12 No. 4 
650 4 |a regionális tudományok 
695 |a Digital transformation 
695 |a SMEs 
695 |a management support 
695 |a employee skill development 
695 |a technology adoption 
695 |a TOE framework 
695 |a organizational learning theory 
700 1 |a Tóth Arnold  |e aut 
856 4 0 |u https://publikaciotar.uni-bge.hu/id/eprint/2586/1/the-systemic-transformation-of-small-and-medium-enterprises-smes-in-the-era-of-digitalization-challenges-and-strategic-pathways-in-emerging-industrial-regions-of-china-268.pdf  |z Dokumentum-elérés